Géographie Physique du monde - Statistiques

Statistiques générales
  • Ce quiz a été pris 239 fois
  • Le résultat moyen est 17 sur 32
Statistiques - réponses
Indice Réponse % Correct
Plus grands déserts Sahara
100%
Plus longs fleuves Nil
88%
Fleuve traversant quatre capitales européennes Danube
85%
Plus longs fleuves Amazone
83%
Plus haut sommet au monde Everest
81%
Île italienne située entre la Corse et la Sicile Sardaigne
73%
Plus longues chaînes de montagnes Les Andes
70%
Chaîne de montagnes délimitant la Russie européenne et la Sibérie Oural
70%
Détroit séparant la Russie de l’Alaska Détroit de Béring
68%
Île composée de l'Angleterre, du Pays de Galles et de l'Écosse Grande-Bretagne
68%
Mer à l'est de cette dernière Mer du Nord
66%
Lac le plus profond, situé en Sibérie Lac Baïkal
62%
Groupe de cinq vastes lacs, à la frontière entre les Etats-Unis et le Canada Grands Lacs
60%
Plus grands lacs Lac Victoria
60%
Plus grandes îles Groenland
59%
Plus grands lacs Lac Supérieur
58%
Plus grands déserts Antarctique
56%
Fleuve formant une frontière naturelle entre les États-Unis et le Mexique Rio Grande
54%
Mer dans laquelle ce dernier se déverse Mer Noire
53%
Plus grands lacs Mer Caspienne
52%
Désert le plus aride, situé principalement au Chili Désert d'Atacama
51%
Fleuve à l'origine des chutes Victoria, prenant source en Zambie Zambèze
49%
Plus longues chaînes de montagnes Les Rocheuses
47%
Île de l'Océan Indien qui s'est unie au Tanganyika, créant ainsi la Tanzanie Zanzibar
47%
Île volcanique du nord-ouest de l'Afrique, où se situe le plus haut sommet d'Espagne Tenerife
31%
Plus longs fleuves Yangzi Jiang
29%
Plus grandes îles Bornéo
26%
Lac sénégalais ayant une teinture originale lors des saisons sèches Lac Rose
22%
Volcan éteint d'Afrique de l'est, deuxième plus haut sommet d'Afrique Mont Kenya
22%
Désert américain, dont une petite partie est un cimetière d'avions Désert des Mojaves
16%
Plus grandes îles Nouvelle-Guinée
16%
Plus grands déserts Désert d'Arabie
15%
Aucun quiz correspondant
Distribution des résultats
% des personnes avec chaque résultat
Percentile par nombre de réponses
Votre historique - résultats
Vous n’avez pas pris ce quiz